LEADER 01324nam a2200337 u 4500 001 000000059280 003 CaOOAMICUS 005 20070226120801.0 008 010626s1996 it u000 u ita u 020 $a8818700073 035 $a10894092 040 $aPUL(R)$bita 041 1 $aita$ager 100 1 $aKant, Immanuel,$d1724-1804.$0(OLS)http://pul/name/8154 245 10$aCritica della ragion pratica /$cImmanuel Kant ; introduzione, traduzione, note e apparati di Vittorio Mathieu. 250 $a2 ed. 260 $aMilano :$bRusconi,$c1996. 300 $a352 p. ;$c21 cm 490 1 $aTesti a fronte ;$v4 500 $aTesto tedesco a fronte. 504 $aContiene indicazioni bibliografiche. 650 4$aMetafisica.$0(OLS)http://pul/subject/433 700 1 $aMathieu, Vittorio,$d1923-2020.$0(OLS)http://pul/name/5896 830 0$aTesti a fronte ;$v4.$0(OLS)http://pul/title/7181 850 $aPUL 852 $aPUL$W1$xSL Filosofia 2$y80$mPhil A2 4$j77315$n $b $qStampati altre collocazioni$B77315$CPULBib$Z2$F77315 $H $81 941 1 $a10 961 $aINV: 77948 996 $6020$a8818700073$9(OLS)http://pul/number/75376 996 $6245$aCritica della ragion pratica$9(OLS)http://pul/title/78105 996 $6260$aMilano :$bRusconi$9(OLS)http://pul/publisher/47863 LEADER 01149nam a2200265 a 4500 001 000000162673 003 CaOOAMICUS 005 20170915150817.0 008 170915s1993 it m 001 u eng r 032 $aLibriCat 040 $aPUL$bita 100 1 $aThadathil, Joseph.$0(OLS)http://pul/name/104396 245 14$aThe concept of individual self (Jivatman) according to Sankara / $cJoseph Thadathil. 260 $aRoma :$b[s.n.],$c1993. 300 $a101 p. ;$c25 cm. 502 $aEstratto di Tesi -- Pontificia Universitas Gregoriana. Facultas Philosophiae.1993. 504 $aBibliografia in nota a pič pagina. 650 04$aFilosofia$xCritica.$0(OLS)http://pul/subject/18485 710 2 $aPontificia Universitā Gregoriana.$bFacoltā di filosofia.$kTesi.$0(OLS)http://pul/name/82053 850 $aPUL 852 $aPUL$W1$xDP1 Tesi Pon. Univ. Gregoriana$y40$mTH PUG 3975$j186650$qTesi$B189894$CPULBib$Z2$F189894 $82 941 1 $a16 996 $6245$aThe concept of individual self (Jivatman) according to Sankara / $9(OLS)http://pul/title/202424 996 $6260$aRoma :$b[s.n.]$9(OLS)http://pul/publisher/47958